[Event "Zaragoza Primavera op 2nd"]
[Site "Zaragoza"]
[Date "2014.04.27"]
[Round "1"]
[White "Iglesias Fernandez, Luis"]
[Black "Sanchez Perez, Carlos"]
[Result "1-0"]
[WhiteElo "1850"]
[BlackElo "1715"]
[PlyCount "37"]
[EventDate "2014.04.27"]
[EventType "swiss"]
[EventRounds "9"]
[EventCountry "ESP"]
[SourceTitle "CBM 160 Extra"]
[Source "ChessBase"]
[SourceDate "2014.07.01"]
[SourceVersion "1"]
[SourceVersionDate "2014.07.01"]
[SourceQuality "1"]

1. e4 c5 2. Nf3 Nc6 3. d4 cxd4 4. Nxd4 Nxd4 5. Qxd4 d6 6. Nc3 a6 7. Be3 e6 8. 0-0-0 Be7 9. Qxg7 Bf6 10. Qg3 e5 11. Nd5 Kf8 12. Bb6 Qd7 13. Qe3 Qc6 14. Nxf6 Nxf6 15. Rxd6 Qxe4 16. Qh6+ Ke8 17. Rd8+ Ke7 18. Bc5+ Kxd8 19. Qxf6+ 1-0